| 000 | 00877nam a2200229 i 4500 | ||
|---|---|---|---|
| 001 | 34052 | ||
| 003 | ES-MaACL | ||
| 005 | 20250630225025.0 | ||
| 007 | t| | ||
| 008 | 030204s1968 sp ||||1| spa d | ||
| 100 | 1 |
_aBoekhoff, Hermann. _929742 |
|
| 245 | 1 | 0 |
_aHistoria de la cultura oriental / _cbajo la dirección de Hermann Boekhoff y Fritz Winzer ; prólogo... Luis Pericot García ; [traducción por Luis Carroggió de Molina, Luis Correal Cubells, Michael Faber Kaiser]. |
| 260 |
_aBarcelona, etc. : _bLabor, _c[1968] |
||
| 300 |
_a571 p., 62 lám. ; _c30 cm. |
||
| 700 | 1 |
_aWinzer, Fritz. _9117128 |
|
| 700 | 1 |
_aPericot, Luis, _d1899-1978 _991262 |
|
| 700 | 1 |
_aCarroggió de Molina, Luis. _935837 |
|
| 700 | 1 |
_aCorreal Cubells, Luis. _940764 |
|
| 700 | 0 |
_aFaber-Kaiser, Michael. _948510 |
|
| 852 |
_aES-MaACL _jC-35640 _bR.68693 |
||
| 999 |
_c34052 _d34052 |
||